Les animaux - Statistiques

Statistiques générales
  • Ce quiz a été pris 651 fois
  • Le résultat moyen est 53 sur 83
Statistiques - réponses
Par images Réponse % Correct
chat
99%
cheval
97%
cochon
96%
chèvre
94%
poule
94%
vache
94%
crocodile
91%
aigle
90%
coq
89%
singe
89%
lion
83%
loup
83%
chameau
82%
âne
81%
canard
81%
éléphant
81%
girafe
81%
gorille
81%
koala
80%
lapin
80%
poisson
80%
renard
80%
grenouille
79%
kangourou
79%
ours
79%
tigre
79%
panda
78%
requin
78%
rat
77%
tortue
77%
zèbre
77%
chien
76%
lama
76%
serpent
75%
dauphin
74%
hérisson
74%
pigeon
74%
crabe
73%
écureuil
73%
hamster
73%
lièvre
71%
étoile de mer
70%
hibou
70%
baleine
69%
souris
69%
cochon d'Inde
67%
dindon
66%
hyène
64%
léopard
64%
oie
64%
raie
64%
colombe
62%
hippopotame
62%
raton laveur
62%
rhinocéros
62%
chimpanzé
61%
hippocampe
60%
méduse
60%
homard
58%
poisson rouge
58%
pingouin
56%
phoque
54%
alligator
53%
crapaud
53%
élan
53%
poulpe
52%
taureau
49%
morse
44%
blaireau
42%
oiseau
42%
buffle
39%
lézard
39%
antilope
38%
coyote
23%
pic
23%
anguille
19%
calmar
17%
mouffette
15%
chevreuil
14%
tortue marine
10%
loute
5%
chauvre-souris
3%
mounton
3%
Aucun quiz correspondant
Distribution des résultats
% des personnes avec chaque résultat
Percentile par nombre de réponses
Votre historique - résultats
Vous n’avez pas pris ce quiz